Metodologičeskije aspekty issledovanija ekonomiki severa
Gespeichert in:
| 1. Verfasser: | |
|---|---|
| Weitere Verfasser: | |
| Format: | Buch |
| Sprache: | Russisch |
| Veröffentlicht: |
Novosibirsk
Nauka
1987
|
| Ausgabe: | 1. izd. |
| Tags: |
Keine Tags, Fügen Sie das erste Tag hinzu!
|
MARC
| LEADER | 00000nam a2200000 4500 | ||
|---|---|---|---|
| 001 | c024654 | ||
| 005 | 20230222081815.8 | ||
| 041 | 0 | |a rus | |
| 044 | |a RU | ||
| 245 | 1 | 0 | |a Metodologičeskije aspekty issledovanija ekonomiki severa |c Jegor Grigor'jevič Jegorov, Svetlana Nikolajevna Liščenjuk |
| 250 | |a 1. izd. | ||
| 264 | 1 | |a Novosibirsk |b Nauka |c 1987 | |
| 300 | |a 243 s. | ||
| 100 | 1 | |a Jegorov, Jegor Grigor'jevič | |
| 700 | 1 | |a Liščenjuk, Svetlana Nikolajevna | |